000 00805nam a2200205Ia 4500
008 161108s9999 xx 000 0 und d
020 _a9788494429149
100 _aSanabria, José
245 _aDomingo en el mercado /
_c José Sanabria, Celeste Berlier
300 _a[32] páginas :
_b ilustraciones en color ;
_c 27 cm
650 _aLiteratura Infantil Colombiana / Cuentos Infantiles Colombianos / Autores Colombianos / Ilustradores Argentinos / Mercados - Cuento / Frutas - Cuento / Aventuras - Cuento / Desde Los 6 A{Aelig}Os
700 _aBerlier, Celeste
264 _aBarcelona :
_b Ekaré
336 _atexto
_btxt
_2rdacontent
337 _asin mediación
_bn
_2rdamedia
338 _avolumen
_bnc
_2rdacarrier
040 _aCO-BoRNBP
_bspa
_erda
_cCO-BoRNBP
084 _aC SAN46
942 _2loc
999 _c7417
_d7417